000 00274nam a2200109Ia 4500
008 220204s9999 xx 000 0 und d
082 _a001
_bADD
245 0 _aChildren's book of questions and answers
260 _aLondon
_bOctopus
_c1977
700 _aAddison, A
942 _cBK
999 _c27676
_d27676